000
00242nam a2200097Ia 4500
001
722945
005
20250826163321.0
008
250824s9999 xx 000 0 und d
245
0
_a
DÜĞÜN GÜNLÜKLERİ
_c
SAM BINNIE
260
_b
PANAMA YAYINLARI
999
_c
722945
_d
722945